000 00682nam a2200205Ii 4500
003 JO-AjNU
008 230605s9999||||xx |||||||||||||| ||und||
040 _aJO-AjNU
_bara
_erda
_cJO-AjNU
041 _aara
050 1 4 _aPJ7808 2015
100 3 _aالجوير، سعد,
_eauthor
_951516
245 0 0 _aالمجموعة الشعرية: كأنه هو
264 3 1 _aد.م: المجلس الوطني للثقافة والفنون والادب، 2015
300 _a247ص
336 _atext
_btxt
_2rdacontent
337 _aunmediated
_bn
_2rdamedia
338 _avolume
_bnc
_2rdacarrier
490 0 _aسلسلة نوافذ المعرفة
650 4 _aالشعر العربي
_951517
999 _aA22764
_c26332
_d26332